000 00692nam a2200265Ia 4500
003 OSt
005 20221007101411.0
006 a|||||r|||| 00| 0
007 ta
008 221006b |||||||| |||| 00| 0 eng d
024 _a6,385
037 _cTextual
040 _aLCO
_cLCO
_beng
041 _2eng
_aeng
082 _aX8(A):(Z2'A), L1
100 _aJain P.C.
245 0 _aLabour in Ancient India
250 _a1st
260 _aNew
_bDelhi Sterling Publishers (P) Ltd. India
_c1971
300 _a275
500 _aFrom the Vedic Age upto the Gupta Period
650 _aLABOUR
942 _hX8(A):(Z2'A), L1
_cTEXL
999 _c1175948
_d1175948